| 000 | 00830nam a2200241 a 4500 | ||
|---|---|---|---|
| 005 | 20240621063650.0 | ||
| 008 | 130917s2009 ug r 000 0 spa d | ||
| 020 | _a9789974679993 | ||
| 035 | _aUPN01000192955 | ||
| 049 | _aI | ||
| 050 | 4 |
_aPQ2469 E8 _bV4e |
|
| 100 | 1 |
_aBowen, Carl _935942 |
|
| 245 | 1 | 0 |
_a20,000 leguas de viaje submarino / _cadaptado por Carl Bowen ; il. José Alfonso Ocampo Ruiz ; tr. María Carolina Berduque. |
| 260 |
_aMontevideo : _bLatinbooks, _c2009. |
||
| 300 |
_a63 p. : _bprincipalmente il. col. |
||
| 440 | 0 | _aNovela gráfica | |
| 650 | 0 |
_aLiteratura francesa _ySiglo XIX _912797 |
|
| 650 | 4 |
_aExploraciones submarinas _vNovela _94449 |
|
| 650 | 0 |
_aHistorias de aventuras _94131 |
|
| 700 | 1 |
_aVerne, Jules, _d1828-1905 _927907 |
|
| 700 | 1 |
_aOcampo Ruiz, José Alfonso, _eil. |
|
| 905 | _aInfantil | ||
| 999 |
_c165056 _d165056 |
||